[Event "GER-chT U16"]
[Site "Magdeburg"]
[Date "2023.12.29"]
[Round "5.1"]
[White "Deschler, Arne"]
[Black "Udelnov, Valentin"]
[Result "1/2-1/2"]
[WhiteElo "1953"]
[BlackElo "2003"]
[PlyCount "68"]
[EventDate "2023.12.26"]
[EventType "team-swiss"]
[EventRounds "7"]
[EventCountry "GER"]
[SourceTitle "CB03_2024"]
[SourceDate "2024.01.17"]
[SourceVersion "1"]
[SourceVersionDate "2024.01.17"]
[SourceQuality "1"]
[WhiteTeam "Nuernberg Noris Tarrasch"]
[BlackTeam "Magdeburg Schachzwerge"]
[WhiteTeamCountry "GER"]
[BlackTeamCountry "GER"]

1. e4 e5 2. Nf3 Nc6 3. Nc3 Nf6 4. d4 exd4 5. Nxd4 Bb4 6. Nxc6 bxc6 7. Bd3 d5 8. exd5 cxd5 9. 0-0 0-0 10. h3 c6 11. Qf3 Rb8 12. Bf4 Bd6 13. b3 Rb4 14. Bxd6 Qxd6 15. Ne2 c5 16. c3 Rb8 17. Qf4 Rd8 18. Qxd6 Rxd6 19. Rad1 Kf8 20. Rfe1 Bd7 21. Nf4 Bc6 22. Re5 Nd7 23. Re2 Nf6 24. Re5 Rbd8 25. Rde1 a5 26. c4 Re8 27. cxd5 Nxd5 28. Rxe8+ Bxe8 29. Nxd5 Rxd5 30. Bc4 Rd2 31. Re5 Rxa2 32. Rxc5 a4 33. bxa4 Rxa4 34. Rc8 Ra1+ 1/2-1/2

[Event "GER-chT Lands U20"]
[Site "Hannover"]
[Date "2023.10.01"]
[Round "1"]
[White "Udelnov, Valentin"]
[Black "Burkart, Lloyd Shang"]
[Result "1/2-1/2"]
[WhiteElo "1925"]
[BlackElo "1891"]
[PlyCount "126"]
[EventDate "2023.10.01"]
[EventType "team-swiss"]
[EventRounds "7"]
[EventCountry "GER"]
[SourceTitle "EXT 2024"]
[Source "ChessBase"]
[SourceDate "2023.10.10"]
[SourceVersion "1"]
[SourceVersionDate "2023.10.10"]
[SourceQuality "1"]

1. e4 c5 2. Nf3 d6 3. d4 cxd4 4. Qxd4 Nc6 5. Bb5 a6 6. Bxc6+ bxc6 7. c4 e5 8. Qd3 Be7 9. 0-0 Nf6 10. Nc3 0-0 11. h3 h6 12. Rd1 Be6 13. b3 Qc7 14. Bb2 Rfd8 15. Rac1 Qb8 16. Ba3 Bf8 17. Qe2 Nd7 18. Na4 c5 19. Nc3 Nb6 20. Nd2 Qc7 21. Nf1 Be7 22. Rd3 f5 23. Ne3 f4 24. Ned5 Nxd5 25. Nxd5 Bxd5 26. Rxd5 Qa5 27. Qb2 Rab8 28. Rb1 h5 29. b4 Qc7 30. Qc3 cxb4 31. Rxb4 Rxb4 32. Bxb4 Rc8 33. c5 dxc5 34. Qc4 Kh8 35. Bc3 Bf6 36. Qxa6 Rb8 37. Ba5 Qb7 38. Qxb7 Rxb7 39. Rxc5 Rb1+ 40. Kh2 Rb2 41. Bc3 Rxf2 42. Bxe5 Bxe5 43. Rxe5 g6 44. Rg5 Kg7 45. a4 Re2 46. Kg1 Rxe4 47. a5 Re2 48. h4 Ra2 49. Kf1 Kf6 50. Rb5 Kf7 51. Rb7+ Kf6 52. Rb6+ Kf5 53. a6 Ra1+ 54. Kf2 Ra2+ 55. Kf3 Ra5 56. Rd6 g5 57. hxg5 Ra3+ 58. Ke2 Kxg5 59. Kd2 Ra2+ 60. Kd3 Rxg2 61. Rd5+ Kh4 62. Ra5 Rg8 63. a7 Ra8 1/2-1/2

[Event "GER-chT U16"]
[Site "Darmstadt"]
[Date "2022.12.27"]
[Round "1"]
[White "Popovici, Liviu Daniel"]
[Black "Udelnov, Valentin"]
[Result "1-0"]
[WhiteElo "1594"]
[BlackElo "1953"]
[PlyCount "65"]
[EventDate "2022.12.26"]
[EventType "team-swiss"]
[EventRounds "7"]
[EventCountry "GER"]
[SourceTitle "CBM 212 Extra"]
[Source "ChessBase"]
[SourceDate "2023.03.31"]
[SourceVersion "1"]
[SourceVersionDate "2023.03.31"]
[SourceQuality "1"]
[WhiteTeam "Vaterstetten Grasbrunn"]
[BlackTeam "Magdeburg Schachzwerge"]
[WhiteTeamCountry "GER"]
[BlackTeamCountry "GER"]

1. e4 e5 2. Nf3 Nc6 3. Bc4 Bc5 4. c3 Nf6 5. d4 exd4 6. e5 d5 7. Bb5 Ne4 8. cxd4 Bb6 9. Be3 0-0 10. h3 Be6 11. Bxc6 bxc6 12. 0-0 c5 13. Nc3 Qd7 14. Qe2 a6 15. Rfd1 cxd4 16. Nxd4 Nxc3 17. bxc3 c5 18. Nb3 Qc6 19. Qf3 Rac8 20. Rd2 Rfd8 21. Rad1 a5 22. Nc1 h6 23. Ne2 Qa4 24. Qg3 Kh8 25. f4 d4 26. cxd4 cxd4 27. Nxd4 Bxa2 28. f5 Rc3 29. f6 g6 30. Qh4 h5 31. Qg5 Kg8 32. Qh6 Rxe3 33. Qg7# 1-0

[Event "Heusenstamm Schloss op"]
[Site "Heusenstamm"]
[Date "2022.11.19"]
[Round "4"]
[White "Sandten, Ulrich"]
[Black "Udelnov, Valentin"]
[Result "0-1"]
[WhiteElo "2105"]
[BlackElo "1873"]
[PlyCount "84"]
[EventDate "2022.11.17"]
[EventType "swiss"]
[EventRounds "7"]
[EventCountry "GER"]
[SourceTitle "CBM 212 Extra"]
[Source "ChessBase"]
[SourceDate "2023.03.31"]
[SourceVersion "1"]
[SourceVersionDate "2023.03.31"]
[SourceQuality "1"]

1. d4 Nf6 2. Nf3 g6 3. c4 Bg7 4. Nc3 0-0 5. e4 d6 6. Be2 e5 7. d5 Nbd7 8. 0-0 Nh5 9. g3 a5 10. Bg5 Nhf6 11. Nd2 h6 12. Be3 Ne8 13. a3 f5 14. exf5 gxf5 15. f4 e4 16. Rc1 c5 17. Re1 Ndf6 18. h3 Qe7 19. Kh2 Qf7 20. Rg1 h5 21. Nf1 Qg6 22. b3 Kf7 23. Nb5 Rh8 24. b4 b6 25. bxc5 bxc5 26. Nxd6+ Nxd6 27. Bxc5 Nd7 28. Be3 Ba6 29. c5 Nc8 30. d6 Bxe2 31. Qxe2 Qe6 32. c6 Nf6 33. d7 Ne7 34. Qb5 Ned5 35. Rg2 Nc7 36. Qb7 Nfd5 37. Ba7 h4 38. Ne3 hxg3+ 39. Rxg3 Nxe3 40. Qxc7 Rxh3+ 41. Rxh3 Qa2+ 42. Kg3 Qg2+ 0-1

[Event "GER-ch U14"]
[Site "Willingen"]
[Date "2021.08.28"]
[Round "8"]
[White "Schoen, Florian"]
[Black "Udelnov, Valentin"]
[Result "1/2-1/2"]
[WhiteElo "1642"]
[BlackElo "1728"]
[PlyCount "58"]
[EventDate "2021.08.22"]
[EventType "swiss"]
[EventRounds "9"]
[EventCountry "GER"]
[SourceTitle "EXT 2022"]
[Source "ChessBase"]
[SourceDate "2021.10.06"]
[SourceVersion "1"]
[SourceVersionDate "2021.10.06"]
[SourceQuality "1"]

1. e4 e5 2. Nf3 Nc6 3. d4 exd4 4. Nxd4 Nf6 5. Nxc6 bxc6 6. Bd3 Bc5 7. e5 Nd5 8. Qg4 g6 9. Bh6 Bf8 10. Bxf8 Kxf8 11. 0-0 d6 12. Qd4 dxe5 13. Qxe5 Qf6 14. Qxf6 Nxf6 15. Nd2 Rb8 16. b3 Nd5 17. Nf3 Nb4 18. Bc4 Kg7 19. Rad1 Re8 20. Rd2 Bg4 21. c3 Nd5 22. Bxd5 cxd5 23. Rxd5 Re2 24. Ra5 Rc2 25. c4 Rb7 26. h3 Bxf3 27. gxf3 c6 28. Re1 Rd7 29. a3 Rdd2 1/2-1/2

[Event "GER-chT U12"]
[Site "Magdeburg"]
[Date "2021.08.07"]
[Round "5.3"]
[White "Trunz, Michelle"]
[Black "Udelnov, Valentin"]
[Result "1-0"]
[WhiteElo "1714"]
[BlackElo "1728"]
[PlyCount "83"]
[EventDate "2021.08.04"]
[EventType "team-swiss"]
[EventRounds "7"]
[EventCountry "GER"]
[SourceTitle "EXT 2022"]
[Source "ChessBase"]
[SourceDate "2021.10.06"]
[SourceVersion "1"]
[SourceVersionDate "2021.10.06"]
[SourceQuality "1"]
[WhiteTeam "Godesberg"]
[BlackTeam "Magdeburg Schachzwerge"]
[WhiteTeamCountry "GER"]
[BlackTeamCountry "GER"]

1. d4 Nf6 2. c4 g6 3. Nc3 Bg7 4. e4 d6 5. h3 0-0 6. Nf3 e5 7. d5 a5 8. g4 Na6 9. Be3 Nc5 10. Nd2 c6 11. Be2 Qe7 12. h4 Ne8 13. h5 g5 14. h6 Bf6 15. Nf3 Kh8 16. Qd2 Rg8 17. 0-0-0 Qd8 18. dxc6 bxc6 19. Bxc5 Bxg4 20. Be3 Bxf3 21. Bxf3 Be7 22. Bh5 f6 23. Bxe8 Rxe8 24. Ne2 Qc7 25. Kb1 Reb8 26. Ng3 Rb4 27. Qe2 Rab8 28. Bc1 a4 29. Nf5 Bf8 30. Ka1 d5 31. a3 Rxc4 32. exd5 cxd5 33. Ne3 Rc6 34. Nxd5 Qb7 35. Nb4 Bxb4 36. axb4 Qxb4 37. Qd2 Qb6 38. Rh3 Rcc8 39. Rc3 Rxc3 40. Qxc3 Kg8 41. Be3 Qe6 42. Qc7 1-0

[Event "GER-chT U12"]
[Site "Magdeburg"]
[Date "2021.08.06"]
[Round "3.3"]
[White "Wunderlich, Elias"]
[Black "Udelnov, Valentin"]
[Result "1-0"]
[WhiteElo "1602"]
[BlackElo "1728"]
[PlyCount "51"]
[EventDate "2021.08.04"]
[EventType "team-swiss"]
[EventRounds "7"]
[EventCountry "GER"]
[SourceTitle "EXT 2022"]
[Source "ChessBase"]
[SourceDate "2021.10.06"]
[SourceVersion "1"]
[SourceVersionDate "2021.10.06"]
[SourceQuality "1"]
[WhiteTeam "Garching"]
[BlackTeam "Magdeburg Schachzwerge"]
[WhiteTeamCountry "GER"]
[BlackTeamCountry "GER"]

1. e4 e5 2. Nf3 Nc6 3. Bb5 a6 4. Ba4 Nf6 5. 0-0 Nxe4 6. Re1 Nc5 7. Bxc6 dxc6 8. Nxe5 Be7 9. d4 Ne6 10. c3 0-0 11. Be3 f6 12. Nf3 Kh8 13. c4 f5 14. d5 cxd5 15. cxd5 f4 16. Bd4 Nxd4 17. Qxd4 Bd6 18. h3 Bf5 19. Nc3 Qd7 20. Ng5 f3 21. Nxf3 Bxh3 22. Ng5 Bc5 23. Qxc5 Qg4 24. Nxh3 Rf3 25. Qe7 h6 26. Qe4 1-0

[Event "GER-chT U12"]
[Site "Magdeburg"]
[Date "2021.08.05"]
[Round "1.3"]
[White "Huber, Benedikt Thomas"]
[Black "Udelnov, Valentin"]
[Result "1-0"]
[WhiteElo "1613"]
[BlackElo "1728"]
[PlyCount "39"]
[EventDate "2021.08.04"]
[EventType "team-swiss"]
[EventRounds "7"]
[EventCountry "GER"]
[SourceTitle "EXT 2022"]
[Source "ChessBase"]
[SourceDate "2021.10.06"]
[SourceVersion "1"]
[SourceVersionDate "2021.10.06"]
[SourceQuality "1"]
[WhiteTeam "Kelheim"]
[BlackTeam "Magdeburg Schachzwerge"]
[WhiteTeamCountry "GER"]
[BlackTeamCountry "GER"]

1. e4 e5 2. Nf3 Nc6 3. d4 exd4 4. Nxd4 Nf6 5. Nc3 Bb4 6. Nxc6 bxc6 7. Bd3 0-0 8. 0-0 Re8 9. Bg5 h6 10. Bh4 d6 11. h3 Bb7 12. Qf3 d5 13. exd5 cxd5 14. Nb5 Bc5 15. Bxf6 gxf6 16. Qg3+ Kf8 17. Qxc7 Qc8 18. Qf4 Re5 19. Qxf6 Qb8 20. Bg6 1-0

[Event "Davos op 20th"]
[Site "Davos"]
[Date "2021.06.13"]
[Round "4"]
[White "Arsenie, Cristian Marc"]
[Black "Udelnov, Valentin"]
[Result "1-0"]
[WhiteElo "1583"]
[BlackElo "1748"]
[PlyCount "147"]
[EventDate "2021.06.11"]
[EventType "swiss"]
[EventRounds "5"]
[EventCountry "SUI"]
[SourceTitle "CBM 203 Extra"]
[Source "ChessBase"]
[SourceDate "2021.09.30"]
[SourceVersion "1"]
[SourceVersionDate "2021.09.30"]
[SourceQuality "1"]

1. e4 e5 2. Nf3 Nc6 3. Bc4 Bc5 4. b4 Bxb4 5. c3 Ba5 6. d4 d6 7. Qb3 Qd7 8. dxe5 Bb6 9. Bb5 Nge7 10. 0-0 0-0 11. Ba3 Ng6 12. exd6 Nf4 13. Ne5 Qd8 14. Nxc6 bxc6 15. Bxc6 Bh3 16. g3 Ne2+ 17. Kh1 Bxf1 18. Qd1 Nxg3+ 19. hxg3 Bh3 20. Bxa8 Qxa8 21. Kh2 Be6 22. Qe2 cxd6 23. Bxd6 Rd8 24. Bf4 Re8 25. Nd2 Qc6 26. Qf3 Ba5 27. Be5 Bg4 28. Qf4 Bh5 29. Bd4 Bg6 30. f3 Bc7 31. Qe3 Qd6 32. f4 Qc6 33. e5 Bf5 34. Qf3 Qh6+ 35. Kg2 Qh3+ 36. Kf2 Qh2+ 37. Qg2 Qxg2+ 38. Kxg2 Ra8 39. Kf3 Bb6 40. Nb3 Be6 41. Ke3 Rc8 42. Rc1 Kf8 43. Kd2 Ke7 44. Rb1 Rc7 45. Rb2 Rd7 46. Ke3 Rc7 47. Bxb6 axb6 48. Kd2 Bc4 49. Nd4 Rb7 50. Nf5+ Kf8 51. Nd6 Rc7 52. Rxb6 g6 53. a4 Bf1 54. Rb7 Rxb7 55. Nxb7 Bc4 56. Nd6 Ba6 57. Ke3 Ke7 58. Kd4 f6 59. c4 h5 60. Ne4 fxe5+ 61. fxe5 Bb7 62. Ng5 Bc6 63. a5 Kd7 64. Kc5 Kc7 65. e6 Be8 66. a6 Ba4 67. e7 Bc6 68. a7 Kb7 69. a8Q+ Kxa8 70. Kxc6 h4 71. e8Q+ Ka7 72. Qd7+ Ka6 73. Qb7+ Ka5 74. Qb5# 1-0

[Event "Davos op 20th"]
[Site "Davos"]
[Date "2021.06.12"]
[Round "2"]
[White "Neuberger, Guido"]
[Black "Udelnov, Valentin"]
[Result "1-0"]
[WhiteElo "2196"]
[BlackElo "1748"]
[PlyCount "103"]
[EventDate "2021.06.11"]
[EventType "swiss"]
[EventRounds "5"]
[EventCountry "SUI"]
[SourceTitle "CBM 203 Extra"]
[Source "ChessBase"]
[SourceDate "2021.09.30"]
[SourceVersion "1"]
[SourceVersionDate "2021.09.30"]
[SourceQuality "1"]

1. d4 Nf6 2. c4 g6 3. Nc3 Bg7 4. e4 d6 5. Nf3 0-0 6. Be2 e5 7. dxe5 dxe5 8. Qxd8 Rxd8 9. Bg5 Re8 10. Nd5 Nxd5 11. cxd5 f5 12. Nd2 h6 13. Be3 f4 14. Bc5 c6 15. Bc4 Kh7 16. Rc1 Bf8 17. Bxf8 Rxf8 18. Bb3 Re8 19. Nc4 c5 20. Nd6 Rd8 21. Rxc5 Na6 22. Rxc8 Rdxc8 23. Nxc8 Rxc8 24. Kd2 Nc5 25. f3 g5 26. Rc1 b6 27. Bd1 a5 28. a3 Rd8 29. b4 axb4 30. axb4 Ne6 31. Rc6 Nd4 32. Rxb6 Ra8 33. Rb7+ Kg6 34. Rc7 Ra2+ 35. Bc2 Kf6 36. Kc1 Ra1+ 37. Bb1 Ra8 38. Kb2 Rb8 39. Rc4 Ke7 40. Bc2 Ra8 41. Rc7+ Kd6 42. Rh7 Nxc2 43. Rxh6+ Kd7 44. Kxc2 Ra2+ 45. Kc3 Rxg2 46. Kc4 Rf2 47. d6 Rxf3 48. Kd5 Rd3+ 49. Kxe5 f3 50. Rh7+ Kc8 51. Rf7 g4 52. Kf4 1-0

[Event "GER-ch U12"]
[Site "Willingen"]
[Date "2020.10.27"]
[Round "1"]
[White "Vecera, Fabio"]
[Black "Udelnov, Valentin"]
[Result "0-1"]
[WhiteElo "1534"]
[BlackElo "1691"]
[PlyCount "34"]
[EventDate "2020.10.26"]
[EventType "swiss"]
[EventRounds "7"]
[EventCountry "GER"]
[SourceTitle "CBM 199 Extra"]
[Source "ChessBase"]
[SourceDate "2021.01.31"]
[SourceVersion "1"]
[SourceVersionDate "2021.01.31"]
[SourceQuality "1"]

1. e4 e5 2. Nf3 Nc6 3. d4 exd4 4. Bc4 Nf6 5. 0-0 Nxe4 6. Re1 d5 7. Bxd5 Qxd5 8. Nc3 Qh5 9. Nxe4 Be6 10. Bg5 Bd6 11. Nxd4 Qxh2+ 12. Kf1 Bc4+ 13. Qd3 Bxd3+ 14. cxd3 0-0 15. Nf5 f6 16. Bd2 Qh1+ 17. Ke2 Qh5+ 0-1

[Event "GER Pfingstopen U16"]
[Site "Playchess.com INT"]
[Date "2020.06.05"]
[Round "1"]
[White "Ochs, Daniel Elias"]
[Black "Udelnov, Valentin"]
[Result "1-0"]
[WhiteElo "1830"]
[BlackElo "1585"]
[PlyCount "49"]
[EventDate "2020.06.05"]
[EventType "swiss (blitz)"]
[EventRounds "11"]
[EventCountry "GER"]
[SourceTitle "CBM 197 Extra"]
[Source "ChessBase"]
[SourceDate "2020.09.30"]
[SourceVersion "1"]
[SourceVersionDate "2020.09.30"]
[SourceQuality "1"]

1. d4 Nf6 2. Nf3 g6 3. g3 Bg7 4. Bg2 0-0 5. 0-0 d6 6. c4 Nc6 7. Nc3 a6 8. b3 Rb8 9. d5 Na7 10. Be3 Ng4 11. Bxa7 Bxc3 12. Bxb8 Bxa1 13. Qxa1 Bd7 14. Ba7 b6 15. Qd4 Qa8 16. Bxb6 cxb6 17. Qxb6 a5 18. Qd4 a4 19. e4 axb3 20. axb3 Rb8 21. Rb1 Ba4 22. b4 Nf6 23. e5 dxe5 24. Nxe5 Rb7 25. d6 1-0

[Event "GER Pfingstopen U12"]
[Site "Playchess.com INT"]
[Date "2020.06.02"]
[Round "11"]
[White "Margaryan, Venera"]
[Black "Udelnov, Valentin"]
[Result "0-1"]
[WhiteElo "1516"]
[BlackElo "1567"]
[PlyCount "48"]
[EventDate "2020.06.02"]
[EventType "swiss (blitz)"]
[EventRounds "11"]
[EventCountry "GER"]
[SourceTitle "CBM 197 Extra"]
[Source "ChessBase"]
[SourceDate "2020.09.30"]
[SourceVersion "1"]
[SourceVersionDate "2020.09.30"]
[SourceQuality "1"]

1. d4 Nf6 2. Nf3 g6 3. Bf4 Bg7 4. Qd2 d6 5. c3 0-0 6. Bh6 Ne4 7. Qe3 f5 8. Bxg7 Kxg7 9. Nbd2 Nf6 10. g3 Nc6 11. Bg2 Re8 12. Ng5 e5 13. dxe5 dxe5 14. Rd1 Ng4 15. Qc5 Qxg5 16. Bxc6 bxc6 17. Qxc6 Be6 18. Qxc7+ Re7 19. Qa5 Nf6 20. Qxe5 Rae8 21. Nf3 Qh6 22. Qa5 Bc4 23. e3 Rxe3+ 24. fxe3 Qxe3# 0-1

[Event "GER Pfingstopen U12"]
[Site "Playchess.com INT"]
[Date "2020.06.02"]
[Round "9"]
[White "Reich, Dylan"]
[Black "Udelnov, Valentin"]
[Result "0-1"]
[WhiteElo "1620"]
[BlackElo "1529"]
[PlyCount "66"]
[EventDate "2020.06.02"]
[EventType "swiss (blitz)"]
[EventRounds "11"]
[EventCountry "GER"]
[SourceTitle "CBM 197 Extra"]
[Source "ChessBase"]
[SourceDate "2020.09.30"]
[SourceVersion "1"]
[SourceVersionDate "2020.09.30"]
[SourceQuality "1"]

1. d4 Nf6 2. c4 g6 3. Nc3 Bg7 4. e4 d6 5. Be3 0-0 6. Nf3 Nc6 7. Be2 e5 8. d5 Ne7 9. a3 Ne8 10. Nd2 f5 11. f3 Nf6 12. 0-0 f4 13. Bf2 g5 14. b4 h5 15. c5 Rf7 16. h4 g4 17. fxg4 hxg4 18. g3 f3 19. Bd3 Bh6 20. Nc4 Ng6 21. Nb5 a6 22. Nc3 Rh7 23. cxd6 cxd6 24. Bb6 Qe7 25. Bf2 Nf4 26. gxf4 Bxf4 27. Qe1 Nh5 28. Nb6 g3 29. Be3 Bxe3+ 30. Qxe3 f2+ 31. Kg2 Nf4+ 32. Kxg3 Qxh4+ 33. Kf3 Bg4# 0-1

[Event "GER Pfingstopen U12"]
[Site "Playchess.com INT"]
[Date "2020.06.02"]
[Round "1"]
[White "Udelnov, Valentin"]
[Black "Koch, Patrick"]
[Result "0-1"]
[WhiteElo "1508"]
[BlackElo "1620"]
[PlyCount "40"]
[EventDate "2020.06.02"]
[EventType "swiss (blitz)"]
[EventRounds "11"]
[EventCountry "GER"]
[SourceTitle "CBM 197 Extra"]
[Source "ChessBase"]
[SourceDate "2020.09.30"]
[SourceVersion "1"]
[SourceVersionDate "2020.09.30"]
[SourceQuality "1"]

1. e4 c5 2. Nf3 d6 3. d4 cxd4 4. Nxd4 Nf6 5. Nc3 g6 6. Be3 Nc6 7. f3 Bg7 8. Qd2 0-0 9. Bc4 Bd7 10. 0-0-0 Qa5 11. g4 Rfc8 12. Bb3 Ne5 13. h4 Nc4 14. Bxc4 Rxc4 15. Kb1 Rac8 16. Nb3 Qa6 17. h5 Rxc3 18. bxc3 Bxg4 19. fxg4 Nxe4 20. Qd5 Nxc3+ 0-1